00946nam a2200253 a 4500001001000000003000500010005001700015008004100032010001100073011001100084020001800095040000900113100003200122245029900154260006300453300000900516490002500525650002400550650001600574650002200590650002600612650002900638830002500667000111080CHAP20220329144157.0141201s2014 mx a |r| |||||||spa d a107542 a108514 a9786071203342 cCHAP00aSerrato Cruz, Miguel Angel.10aExtracción de aceite esencial de la 'chik chawua' (Tagetes nelsonii greenm.), endémica de los Altos de Chiapas, para obtención de bioplaguicidas y de medicamentos y como parte de una estrategia para la conservación in situ en la región :bpropuesta /cpor Miguel Ángel Serrato Cruz. aChapingo, Méx :bUniversidad Autónoma Chapingo,c2014. a7 p.1 aRed cempoalxóchitl14aAceites esenciales.14aAsteraceae.14aCultivosxPlagas.14aMedicina tradicional.14aPesticidas biológicos. 0aRed cempoalxóchitl